000 00646nam a2200217 a 4500
001 18371
003 CO-ViMGA
008 141112s2004 ck r 000 u spa d
020 _a848063460X
040 _aCO-ViMGA
_bspa
_cCO-ViMGA
082 0 4 _a136.7479 B674l
100 1 _aBorja i Sole, María de
_926143
245 1 0 _aLas Ludotecas . Instituciones de juegos
260 _aBarcelona (España),
_cOctaedro,
_c2000
300 _a205.p.
590 _aForma de adquisición : Premio - Mincultura
650 1 4 _aJUEGOS INFANTILES - ASPECTOS PSICOLOGICOS
_926144
650 1 4 _aLUDOTECA
_926145
650 1 4 _aPSICOPEDAGOGIA
_914915
942 _2ddc
_cBK
999 _c27673
_d27673